[Event "Stay Safe Play From Home 357"]
[Site "Emanuel Lasker Arena"]
[Date "2020.08.04"]
[Round "5"]
[White "Leonardo Ruiz"]
[Black "Stepmaker"]
[Result "1-0"]
[WhiteElo "1856"]
[BlackElo "1494"]
[Annotator "NA RC"]
[PlyCount "115"]
[EventDate "2020.08.04"]
[EventType "swiss (blitz)"]

1. d4 {[%emt 0:00:07]} Nf6 {[%emt 0:00:02]} 2. Nf3 {[%emt 0:00:01]} Nc6 {[%emt 0:00:01]} 3. c4 {[%emt 0:00:02]} d5 {[%emt 0:00:01]} 4. Bf4 {[%emt 0:00:04]} Bg4 {[%emt 0:00:01]} 5. e3 {[%emt 0:00:04]} e6 {[%emt 0:00:03]} 6. Nc3 {[%emt 0:00:02]} Bb4 {[%emt 0:00:03]} 7. a3 {[%emt 0:00:02]} Bxc3+ {[%emt 0:00:05]} 8. bxc3 {[%emt 0:00:02]} O-O {[%emt 0:00:02]} 9. Be2 {[%emt 0:00:07]} dxc4 {[%emt 0:00:08]} 10. Bxc4 {[%emt 0:00:04]} Ne4 {[%emt 0:00:02]} 11. Rc1 {[%emt 0:00:07]} a6 {[%emt 0:00:04]} 12. Bd3 {[%emt 0:00:03]} Nd6 {[%emt 0:00:14]} 13. O-O {[%emt 0:00:05]} Re8 {[%emt 0:00:10]} 14. h3 {[%emt 0:00:02]} Bf5 {[%emt 0:00:11]} 15. Bxd6 {[%emt 0:00:12]} cxd6 {[%emt 0:00:50]} 16. Bxf5 {[%emt 0:00:10]} exf5 {[%emt 0:00:02]} 17. Qd3 {[%emt 0:00:00]} g6 {[%emt 0:00:05]} 18. c4 {[%emt 0:00:08]} Qf6 {[%emt 0:00:14]} 19. Rb1 {[%emt 0:00:08]} Rab8 {[%emt 0:00:04]} 20. Rfc1 {[%emt 0:00:06]} Na5 {[%emt 0:00:19]} 21. c5 {[%emt 0:00:07]} dxc5 {[%emt 0:00:03]} 22. Rxc5 {[%emt 0:00:03]} b6 {[%emt 0:00:07]} 23. Rc7 {[%emt 0:00:16]} b5 {[%emt 0:00:03]} 24. Ne5 {[%emt 0:00:11]} Re7 {[%emt 0:00:11]} 25. Qc3 {[%emt 0:00:19]} Nc4 {[%emt 0:00:05]} 26. Rxe7 {[%emt 0:00:05]} Qxe7 {[%emt 0:00:07]} 27. Nxc4 {[%emt 0:00:01]} Rc8 {[%emt 0:00:10]} 28. Qa5 {[%emt 0:00:09]} Rxc4 {[%emt 0:00:05]} 29. Qxa6 {[%emt 0:00:01]} Qc7 {[%emt 0:00:06]} 30. Qxb5 {[%emt 0:00:10]} Rc2 {[%emt 0:00:07]} 31. Qb8+ {[%emt 0:00:06]} Kg7 {[%emt 0:00:01]} 32. Qxc7 {[%emt 0:00:03]} Rxc7 {[%emt 0:00:00]} 33. a4 {[%emt 0:00:01]} Ra7 {[%emt 0:00:01]} 34. Ra1 {[%emt 0:00:02]} Ra5 {[%emt 0:00:00]} 35. Kf1 {[%emt 0:00:02]} Kf6 {[%emt 0:00:00]} 36. Ke2 {[%emt 0:00:01]} Ke6 {[%emt 0:00:00]} 37. Kd3 {[%emt 0:00:02]} Kd5 {[%emt 0:00:01]} 38. f3 {[%emt 0:00:01]} f6 {[%emt 0:00:05]} 39. e4+ {[%emt 0:00:02]} fxe4+ {[%emt 0:00:03]} 40. fxe4+ {[%emt 0:00:02]} Kd6 {[%emt 0:00:01]} 41. g4 {[%emt 0:00:02]} f5 {[%emt 0:00:04]} 42. gxf5 {[%emt 0:00:06]} gxf5 {[%emt 0:00:01]} 43. exf5 {[%emt 0:00:01]} Rxf5 {[%emt 0:00:01]} 44. a5 {[%emt 0:00:01]} Kc6 {[%emt 0:00:02]} 45. a6 {[%emt 0:00:02]} Rf8 {[%emt 0:00:04]} 46. a7 {[%emt 0:00:02]} Ra8 {[%emt 0:00:01]} 47. Kc4 {[%emt 0:00:01]} Kc7 {[%emt 0:00:03]} 48. Kc5 {[%emt 0:00:03]} h6 {[%emt 0:00:03]} 49. h4 {[%emt 0:00:05]} Kb7 {[%emt 0:00:02]} 50. d5 {[%emt 0:00:11]} Kc7 {[%emt 0:00:02]} 51. d6+ {[%emt 0:00:03]} Kd7 {[%emt 0:00:02]} 52. Kd5 {[%emt 0:00:01]} h5 {[%emt 0:00:03]} 53. Ra4 {[%emt 0:00:08]} Kd8 {[%emt 0:00:03]} 54. Ke6 {[%emt 0:00:03]} Ke8 {[%emt 0:00:01]} 55. d7+ {[%emt 0:00:06]} Kd8 {[%emt 0:00:03]} 56. Rf4 {[%emt 0:00:18]} Rxa7 {[%emt 0:00:10]} 57. Rf8+ {[%emt 0:00:03]} Kc7 {[%emt 0:00:01]} 58. d8=Q+ {[%emt 0:00:01] TimeB TimeB TimeB TimeB TimeB} 1-0

[Event "Stay Safe Play From Home 357"]
[Site "Emanuel Lasker Arena"]
[Date "2020.08.04"]
[Round "5"]
[White "Padmaesh M K"]
[Black "All4tactics"]
[Result "1-0"]
[WhiteElo "1760"]
[BlackElo "1850"]
[Annotator "NA RC"]
[PlyCount "55"]
[EventDate "2020.08.04"]
[EventType "swiss (blitz)"]

1. d4 {[%emt 0:00:05]} Nf6 {[%emt 0:00:02]} 2. c4 {[%emt 0:00:03]} c5 {[%emt 0:00:02]} 3. d5 {[%emt 0:00:03]} b5 {[%emt 0:00:01]} 4. cxb5 {[%emt 0:00:12]} a6 {[%emt 0:00:01]} 5. b6 {[%emt 0:00:30]} g6 {[%emt 0:00:06]} 6. Nc3 {[%emt 0:00:05]} Bg7 {[%emt 0:00:02]} 7. e4 {[%emt 0:00:04]} O-O {[%emt 0:00:02]} 8. e5 {[%emt 0:00:05]} Ne8 {[%emt 0:00:02]} 9. Qb3 {[%emt 0:00:08]} Bb7 {[%emt 0:00:05]} 10. Nf3 {[%emt 0:00:03]} d6 {[%emt 0:00:03]} 11. e6 {[%emt 0:00:04]} fxe6 {[%emt 0:00:01]} 12. dxe6 {[%emt 0:00:02]} Bxf3 {[%emt 0:00:02]} 13. gxf3 {[%emt 0:00:08]} Nc6 {[%emt 0:00:01]} 14. Be3 {[%emt 0:00:05]} Rb8 {[%emt 0:00:03]} 15. Na4 {[%emt 0:00:05]} Rxf3 {[%emt 0:00:07]} 16. O-O-O {[%emt 0:00:08]} Nd4 {[%emt 0:00:54]} 17. Qd3 {[%emt 0:00:05]} Rxb6 {[%emt 0:00:20]} 18. Nxb6 {[%emt 0:00:05]} Qxb6 {[%emt 0:00:01]} 19. Qxa6 {[%emt 0:00:05]} Qb8 {[%emt 0:00:13]} 20. Rd2 {[%emt 0:00:05]} Nc7 {[%emt 0:00:04]} 21. Qa4 {[%emt 0:00:15]} Ndxe6 {[%emt 0:00:39]} 22. h4 {[%emt 0:00:07]} h6 {[%emt 0:00:03]} 23. Qe4 {[%emt 0:00:12]} Rf5 {[%emt 0:00:07]} 24. Rg1 {[%emt 0:00:06]} Qxb2+ {[%emt 0:00:05]} 25. Rxb2 {[%emt 0:00:06]} Bxb2+ {[%emt 0:00:02]} 26. Kxb2 {[%emt 0:00:02]} Kf7 {[%emt 0:00:05]} 27. Bh3 {[%emt 0:00:05]} Re5 {[%emt 0:00:01]} 28. Qxg6+ {[%emt 0:00:03] All4tactics resigns All4tactics resigns All4tactics resigns All4tactics resigns All4tactics resigns (Lag: Av=0.56s, max=0.8s) (Lag: Av=0.56s, max=0.8s) (Lag: Av=0.56s, max=0.8s) (Lag: Av=0.56s, max=0.8s) (Lag: Av=0.56s, max=0.8s)} 1-0

[Event "Stay Safe Play From Home 357"]
[Site "Emanuel Lasker Arena"]
[Date "2020.08.04"]
[Round "5"]
[White "Timbre"]
[Black "Joroger"]
[Result "1/2-1/2"]
[WhiteElo "1621"]
[BlackElo "1683"]
[Annotator "NA RC"]
[PlyCount "144"]
[EventDate "2020.08.04"]
[EventType "swiss (blitz)"]

1. d4 {[%emt 0:00:15]} d5 {[%emt 0:00:02]} 2. Nf3 {[%emt 0:00:01]} Nf6 {[%emt 0:00:03]} 3. c3 {[%emt 0:00:01]} e6 {[%emt 0:00:11]} 4. Bg5 {[%emt 0:00:03]} Be7 {[%emt 0:00:03]} 5. Bxf6 {[%emt 0:00:01]} Bxf6 {[%emt 0:00:01]} 6. Nbd2 {[%emt 0:00:01]} Nd7 {[%emt 0:00:03]} 7. e4 {[%emt 0:00:01]} dxe4 {[%emt 0:00:01]} 8. Nxe4 {[%emt 0:00:02]} Be7 {[%emt 0:00:00]} 9. Bd3 {[%emt 0:00:02]} c5 {[%emt 0:00:03]} 10. dxc5 {[%emt 0:00:06]} Nxc5 {[%emt 0:00:03]} 11. Nxc5 {[%emt 0:00:01]} Bxc5 {[%emt 0:00:01]} 12. O-O {[%emt 0:00:01]} O-O {[%emt 0:00:03]} 13. Qc2 {[%emt 0:00:03]} g6 {[%emt 0:00:09]} 14. Rad1 {[%emt 0:00:03]} Qf6 {[%emt 0:00:04]} 15. Bb5 {[%emt 0:00:08]} a6 {[%emt 0:00:04]} 16. Bd7 {[%emt 0:00:03]} b5 {[%emt 0:00:10]} 17. Bxc8 {[%emt 0:00:02]} Raxc8 {[%emt 0:00:01]} 18. a3 {[%emt 0:00:03]} Rc7 {[%emt 0:00:14]} 19. h3 {[%emt 0:00:05]} Rfc8 {[%emt 0:00:01]} 20. Rd3 {[%emt 0:00:10]} a5 {[%emt 0:00:06]} 21. Qd1 {[%emt 0:00:03]} b4 {[%emt 0:00:04]} 22. axb4 {[%emt 0:00:02]} axb4 {[%emt 0:00:01]} 23. cxb4 {[%emt 0:00:02]} Bxb4 {[%emt 0:00:00]} 24. Rd7 {[%emt 0:00:03]} Kg7 {[%emt 0:00:09]} 25. Rxc7 {[%emt 0:00:02]} Rxc7 {[%emt 0:00:01]} 26. b3 {[%emt 0:00:02]} Rb7 {[%emt 0:00:13]} 27. Qd3 {[%emt 0:00:08]} Bc5 {[%emt 0:00:09]} 28. Nh2 {[%emt 0:00:06]} Qb2 {[%emt 0:00:08]} 29. Ng4 {[%emt 0:00:03]} h5 {[%emt 0:00:20]} 30. Ne3 {[%emt 0:00:10]} Rxb3 {[%emt 0:00:11]} 31. Qe4 {[%emt 0:00:03]} Qc3 {[%emt 0:00:14]} 32. Nd1 {[%emt 0:00:09]} Qf6 {[%emt 0:00:05]} 33. Ne3 {[%emt 0:00:05]} Rb2 {[%emt 0:00:07]} 34. Nd1 {[%emt 0:00:04]} Rb6 {[%emt 0:00:06]} 35. Qe2 {[%emt 0:00:04]} Rd6 {[%emt 0:00:07]} 36. Qc2 {[%emt 0:00:03]} Qd4 {[%emt 0:00:04]} 37. Qc3 {[%emt 0:00:08]} Qxc3 {[%emt 0:00:02]} 38. Nxc3 {[%emt 0:00:02]} Rd3 {[%emt 0:00:01]} 39. Ne4 {[%emt 0:00:02]} Bd4 {[%emt 0:00:02]} 40. Ng3 {[%emt 0:00:05]} f5 {[%emt 0:00:07]} 41. Ne2 {[%emt 0:00:02]} Bf6 {[%emt 0:00:09]} 42. Nf4 {[%emt 0:00:02]} Rd6 {[%emt 0:00:03]} 43. Re1 {[%emt 0:00:06]} Kf7 {[%emt 0:00:03]} 44. Ne2 {[%emt 0:00:04]} e5 {[%emt 0:00:05]} 45. Ng3 {[%emt 0:00:02]} e4 {[%emt 0:00:02]} 46. Rb1 {[%emt 0:00:03]} Bd4 {[%emt 0:00:04]} 47. Rb7+ {[%emt 0:00:07]} Kf6 {[%emt 0:00:01]} 48. Ne2 {[%emt 0:00:02]} Bc5 {[%emt 0:00:07]} 49. Rb1 {[%emt 0:00:06]} Rd2 {[%emt 0:00:03]} 50. Nf4 {[%emt 0:00:02]} Bxf2+ {[%emt 0:00:03]} 51. Kh2 {[%emt 0:00:03]} Be3 {[%emt 0:00:06]} 52. Kg3 {[%emt 0:00:15]} Bxf4+ {[%emt 0:00:03]} 53. Kxf4 {[%emt 0:00:01]} g5+ {[%emt 0:00:03]} 54. Ke3 {[%emt 0:00:02]} Rxg2 {[%emt 0:00:02]} 55. Rb6+ {[%emt 0:00:02]} Ke5 {[%emt 0:00:02]} 56. Rb5+ {[%emt 0:00:01]} Ke6 {[%emt 0:00:02]} 57. Rb6+ {[%emt 0:00:01]} Kd5 {[%emt 0:00:06]} 58. Rb5+ {[%emt 0:00:01]} Kc4 {[%emt 0:00:01]} 59. Rxf5 {[%emt 0:00:02]} Rg3+ {[%emt 0:00:14]} 60. Kxe4 {[%emt 0:00:01]} Rxh3 {[%emt 0:00:01]} 61. Rxg5 {[%emt 0:00:01]} h4 {[%emt 0:00:01]} 62. Kf4 {[%emt 0:00:03]} Kd4 {[%emt 0:00:01]} 63. Rh5 {[%emt 0:00:04]} Rh1 {[%emt 0:00:02]} 64. Kg4 {[%emt 0:00:01]} Ke4 {[%emt 0:00:01]} 65. Rxh4 {[%emt 0:00:02]} Rg1+ {[%emt 0:00:02]} 66. Kh5+ {[%emt 0:00:01]} Ke3 {[%emt 0:00:01]} 67. Rh3+ {[%emt 0:00:01]} Kf4 {[%emt 0:00:01]} 68. Rh4+ {[%emt 0:00:01]} Kf5 {[%emt 0:00:01]} 69. Kh6 {[%emt 0:00:05]} Kf6 {[%emt 0:00:01]} 70. Kh5 {[%emt 0:00:03]} Rg8 {[%emt 0:00:02]} 71. Rf4+ {[%emt 0:00:02]} Ke5 {[%emt 0:00:01]} 72. Rf7 {[%emt 0:00:04]} Ke6 {[%emt 0:00:02] Timbre offers a draw Timbre offers a draw Timbre offers a draw Timbre offers a draw Timbre offers a draw (Lag: Av=0.31s, max=0.8s) (Lag: Av=0.31s, max=0.8s) (Lag: Av=0.31s, max=0.8s) (Lag: Av=0.31s, max=0.8s) (Lag: Av=0.31s, max=0.8s)} 1/2-1/2

[Event "Stay Safe Play From Home 357"]
[Site "Emanuel Lasker Arena"]
[Date "2020.08.04"]
[Round "6"]
[White "Haxhi Baha"]
[Black "Padmaesh M K"]
[Result "0-1"]
[WhiteElo "2018"]
[BlackElo "1781"]
[Annotator "RC"]
[PlyCount "86"]
[EventDate "2020.08.04"]
[EventType "swiss (blitz)"]

1. e4 {[%emt 0:00:04]} c5 {[%emt 0:00:04]} 2. Nf3 {[%emt 0:00:01]} e6 {[%emt 0:00:06]} 3. d4 {[%emt 0:00:01]} cxd4 {[%emt 0:00:03]} 4. Nxd4 {[%emt 0:00:00]} Nf6 {[%emt 0:00:06]} 5. Nc3 {[%emt 0:00:06]} Nc6 {[%emt 0:00:02]} 6. f4 {[%emt 0:00:03]} Bb4 {[%emt 0:00:12]} 7. Nxc6 {[%emt 0:00:02]} bxc6 {[%emt 0:00:04]} 8. Bd3 {[%emt 0:00:02]} d5 {[%emt 0:00:05]} 9. e5 {[%emt 0:00:03]} Nd7 {[%emt 0:00:04]} 10. Bd2 {[%emt 0:00:11]} Qb6 {[%emt 0:00:05]} 11. Qg4 {[%emt 0:00:17]} O-O {[%emt 0:00:06]} 12. Qh4 {[%emt 0:00:33]} h6 {[%emt 0:00:13]} 13. g4 {[%emt 0:00:03]} Nc5 {[%emt 0:00:06]} 14. g5 {[%emt 0:00:02]} Nxd3+ {[%emt 0:00:10]} 15. cxd3 {[%emt 0:00:00]} Be7 {[%emt 0:00:09]} 16. Qh5 {[%emt 0:00:24]} hxg5 {[%emt 0:00:10]} 17. fxg5 {[%emt 0:00:17]} Ba6 {[%emt 0:00:02]} 18. Qh3 {[%emt 0:00:25]} Qd4 {[%emt 0:00:11]} 19. Qg3 {[%emt 0:00:49]} Qxd3 {[%emt 0:00:08]} 20. Qxd3 {[%emt 0:00:05]} Bxd3 {[%emt 0:00:02]} 21. h4 {[%emt 0:00:01]} Rab8 {[%emt 0:00:05]} 22. Rh3 {[%emt 0:00:09]} Bf5 {[%emt 0:00:06]} 23. Rg3 {[%emt 0:00:05]} g6 {[%emt 0:00:08]} 24. b3 {[%emt 0:00:02]} Rb4 {[%emt 0:00:05]} 25. h5 {[%emt 0:00:04]} Rg4 {[%emt 0:00:10]} 26. Rxg4 {[%emt 0:00:02]} Bxg4 {[%emt 0:00:02]} 27. h6 {[%emt 0:00:01]} Kh7 {[%emt 0:00:04]} 28. Kf2 {[%emt 0:00:03]} Bf5 {[%emt 0:00:04]} 29. Na4 {[%emt 0:00:03]} c5 {[%emt 0:00:04]} 30. Rc1 {[%emt 0:00:01]} Rc8 {[%emt 0:00:04]} 31. Bf4 {[%emt 0:00:02]} c4 {[%emt 0:00:03]} 32. Ke3 {[%emt 0:00:03]} cxb3 {[%emt 0:00:03]} 33. Rxc8 {[%emt 0:00:02]} bxa2 {[%emt 0:00:05]} 34. Rc1 {[%emt 0:00:01]} Bb1 {[%emt 0:00:04]} 35. Nc3 {[%emt 0:00:01]} a1=Q {[%emt 0:00:04]} 36. Nxb1 {[%emt 0:00:02]} Bxg5 {[%emt 0:00:12]} 37. Bxg5 {[%emt 0:00:04]} Qxe5+ {[%emt 0:00:01]} 38. Kd3 {[%emt 0:00:01]} Qxg5 {[%emt 0:00:01]} 39. Nd2 {[%emt 0:00:00]} e5 {[%emt 0:00:05]} 40. Rc7 {[%emt 0:00:01]} e4+ {[%emt 0:00:04]} 41. Kc2 {[%emt 0:00:01]} Qf5 {[%emt 0:00:04]} 42. Kc3 {[%emt 0:00:04]} Qe5+ {[%emt 0:00:04]} 43. Kb3 {[%emt 0:00:01]} Qxc7 {[%emt 0:00:01] Haxhi Baha resigns Haxhi Baha resigns Haxhi Baha resigns Haxhi Baha resigns Haxhi Baha resigns (Lag: Av=0.62s, max=1.0s) (Lag: Av=0.62s, max=1.0s) (Lag: Av=0.62s, max=1.0s) (Lag: Av=0.62s, max=1.0s) (Lag: Av=0.62s, max=1.0s)} 0-1

[Event "Stay Safe Play From Home 357"]
[Site "Emanuel Lasker Arena"]
[Date "2020.08.04"]
[Round "6"]
[White "Dukic"]
[Black "Timbre"]
[Result "1-0"]
[WhiteElo "1951"]
[BlackElo "1624"]
[Annotator "TA"]
[PlyCount "87"]
[EventDate "2020.08.04"]
[EventType "swiss (blitz)"]

{[%evp 14,87,32,22,24,16,68,74,65,62,178,185,196,161,491,502,518,501,509,485,481,497,476,478,476,458,557,565,556,556,600,605,616,612,609,602,608,607,679,677,639,598,716,703,892,905,849,791,1520,1466,3913,2991,29978,29977,29977,2562,2105,2105,29981,29973,29965,29970,29964,29947,11864,11597,29951,5422,5418,5410,29963,29968,29975,29976,29992,29993]} 1. c4 c6 2. Nc3 d5 3. cxd5 cxd5 4. d4 Nc6 5. Nf3 Nf6 6. Bf4 e6 7. e3 Bd6 8. Bg5 h6 {D13: Slav Defence: Exchange variation without ...Bf5.} 9. Bh4 g5 (9... a6 $11) 10. Bg3 $14 {[#]} Bxg3 $146 {White is better.} ({Predecessor:} 10... Ne4 11. Nxe4 dxe4 12. Nd2 f5 13. Bb5 O-O 14. Bxc6 bxc6 15. Bxd6 Qxd6 16. Qa4 c5 17. dxc5 {½-½ (38) Neelotpal,D (2477)-Sriram,J (2457) Mangalore 2008}) 11. hxg3 Qd6 {[#]} ({Black should play} 11... Ne4 $14) 12. Nxg5 $1 $18 {[%mdl 512]} Bd7 (12... hxg5 13. Rxh8+) 13. Qb3 O-O-O $2 (13... Na5 {is more resistant.} 14. Qc2 Rc8) 14. Nxf7 {[%mdl 64] Double Attack} Qc7 15. Nxh8 Rxh8 16. Bd3 Kb8 17. Rc1 Qd6 18. Nb5 Qe7 19. Qa3 a6 20. Qxe7 Nxe7 21. Nd6 Nc6 22. Nf7 Rf8 23. Nxh6 e5 24. dxe5 Nxe5 25. Be2 Nc6 26. g4 Ne4 27. Rh5 Nxf2 28. Rxd5 Bc8 29. g5 Ne4 30. g6 Rh8 31. g7 Rxh6 32. g8=Q Rh1+ 33. Bf1 Nf6 34. Qg5 (34. Qg3+ $142 Ka7 35. Rxc6 $1 {[%mdl 576] Remove Defender} bxc6 36. Qc7+ {[%mdl 64] Double Attack} Bb7 37. Rd8 Rh7 38. Qd6 Nd7 39. Bd3) 34... Nxd5 35. Qxd5 Rh8 36. Qd6+ Ka8 37. Rxc6 bxc6 38. Qxc6+ Bb7 39. Qe6 Rc8 40. g4 (40. Bxa6 $142 Bxa6 41. Qxa6+ Kb8 {[#]} 42. Qxc8+ $3 {[%mdl 512]} Kxc8 43. g4 Kc7 44. g5 Kd6 45. a4) 40... Rc1+ 41. Kf2 Rc2+ 42. Kg3 {White mates.} Rxb2 43. g5 Rxa2 44. Qxa2 {Black got outplayed after the opening. Accuracy: White = 90%, Black = 54%.} 1-0

[Event "Stay Safe Play From Home 357"]
[Site "Emanuel Lasker Arena"]
[Date "2020.08.04"]
[Round "6"]
[White "All4tactics"]
[Black "Haris kollari 13"]
[Result "0-1"]
[WhiteElo "1828"]
[BlackElo "1898"]
[Annotator "NA RC"]
[PlyCount "58"]
[EventDate "2020.08.04"]
[EventType "swiss (blitz)"]

1. b4 {[%emt 0:00:14]} e5 {[%emt 0:00:02]} 2. Bb2 {[%emt 0:00:02]} f6 {[%emt 0:00:02]} 3. b5 {[%emt 0:00:03]} d5 {[%emt 0:00:02]} 4. e3 {[%emt 0:00:02]} c6 {[%emt 0:00:04]} 5. a4 {[%emt 0:00:03]} Bd6 {[%emt 0:00:05]} 6. c4 {[%emt 0:00:06]} Ne7 {[%emt 0:00:04]} 7. bxc6 {[%emt 0:00:14]} bxc6 {[%emt 0:00:01]} 8. cxd5 {[%emt 0:00:01]} cxd5 {[%emt 0:00:01]} 9. Bb5+ {[%emt 0:00:01]} Bd7 {[%emt 0:00:01]} 10. Qe2 {[%emt 0:00:02]} O-O {[%emt 0:00:04]} 11. Nf3 {[%emt 0:00:04]} Qb6 {[%emt 0:00:09]} 12. Nc3 {[%emt 0:00:09]} a6 {[%emt 0:00:07]} 13. Bxd7 {[%emt 0:00:05]} Nxd7 {[%emt 0:00:01]} 14. Rb1 {[%emt 0:00:03]} Rab8 {[%emt 0:00:08]} 15. O-O {[%emt 0:00:13]} Bb4 {[%emt 0:00:19]} 16. a5 {[%emt 0:00:19]} Qxa5 {[%emt 0:00:04]} 17. Ra1 {[%emt 0:00:02]} Qc7 {[%emt 0:00:11]} 18. Rxa6 {[%emt 0:00:14]} Nc5 {[%emt 0:00:10]} 19. Ra2 {[%emt 0:00:14]} Ra8 {[%emt 0:00:13]} 20. Rfa1 {[%emt 0:00:09]} Rxa2 {[%emt 0:00:02]} 21. Rxa2 {[%emt 0:00:02]} Rb8 {[%emt 0:00:02]} 22. h4 {[%emt 0:00:17]} Qc6 {[%emt 0:00:14]} 23. d4 {[%emt 0:00:09]} Bxc3 {[%emt 0:00:16]} 24. Bxc3 {[%emt 0:00:03]} Ne4 {[%emt 0:00:03]} 25. Be1 {[%emt 0:00:10]} exd4 {[%emt 0:00:16]} 26. Nxd4 {[%emt 0:00:02]} Qc1 {[%emt 0:00:05]} 27. Rc2 {[%emt 0:00:19]} Qa1 {[%emt 0:00:02]} 28. f3 {[%emt 0:00:18]} Rb1 {[%emt 0:00:15]} 29. Kh2 {[%emt 0:00:17]} Rxe1 {[%emt 0:00:03] Time Time Time Time Time (Lag: Av=0.46s, max=0.8s) (Lag: Av=0.46s, max=0.8s) (Lag: Av=0.46s, max=0.8s) (Lag: Av=0.46s, max=0.8s) (Lag: Av=0.46s, max=0.8s)} 0-1

[Event "Stay Safe Play From Home 357"]
[Site "Emanuel Lasker Arena"]
[Date "2020.08.04"]
[Round "6"]
[White "Joroger"]
[Black "Leonardo Ruiz"]
[Result "0-1"]
[WhiteElo "1680"]
[BlackElo "1873"]
[Annotator "NA RC"]
[PlyCount "42"]
[EventDate "2020.08.04"]
[EventType "swiss (blitz)"]

{Abbruch - No contact to opponent.} 1. d4 {[%emt 0:00:02]} d5 {[%emt 0:00:18]} 2. c4 {[%emt 0:00:01]} c6 {[%emt 0:00:03]} 3. Nf3 {[%emt 0:00:02]} Nf6 {[%emt 0:00:01]} 4. Nc3 {[%emt 0:00:01]} dxc4 {[%emt 0:00:02]} 5. a4 {[%emt 0:00:02]} Bf5 {[%emt 0:00:03]} 6. e3 {[%emt 0:00:01]} e6 {[%emt 0:00:02]} 7. Bxc4 {[%emt 0:00:01]} Bb4 {[%emt 0:00:01]} 8. O-O {[%emt 0:00:00]} O-O {[%emt 0:00:02]} 9. Qe2 {[%emt 0:00:01]} Nbd7 {[%emt 0:00:02]} 10. e4 {[%emt 0:00:01]} Bg6 {[%emt 0:00:02]} 11. Bd3 {[%emt 0:00:02]} Bh5 {[%emt 0:00:03]} 12. Bg5 {[%emt 0:00:07]} Be7 {[%emt 0:00:03]} 13. Qe3 {[%emt 0:00:26]} a6 {[%emt 0:00:03]} 14. h3 {[%emt 0:00:11]} Re8 {[%emt 0:00:09]} 15. Rfd1 {[%emt 0:00:15]} Rc8 {[%emt 0:00:04]} 16. Be2 {[%emt 0:00:01]} Qa5 {[%emt 0:00:04]} 17. Rac1 {[%emt 0:00:13]} h6 {[%emt 0:00:09]} 18. Bh4 {[%emt 0:00:07]} Bg6 {[%emt 0:00:08]} 19. Ne5 {[%emt 0:00:11]} Nxe5 {[%emt 0:00:26]} 20. dxe5 {[%emt 0:00:00]} Qxe5 {[%emt 0:00:02]} 21. f4 {[%emt 0:00:01]} Bc5 {[%emt 0:00:27]} 0-1

[Event "Stay Safe Play From Home 357"]
[Site "Emanuel Lasker Arena"]
[Date "2020.08.04"]
[Round "6"]
[White "Stepmaker"]
[Black "Klasman"]
[Result "0-1"]
[WhiteElo "1491"]
[BlackElo "1536"]
[Annotator "NA RC"]
[PlyCount "38"]
[EventDate "2020.08.04"]
[EventType "swiss (blitz)"]

1. d4 {[%emt 0:00:05]} f5 {[%emt 0:00:13]} 2. c4 {[%emt 0:00:01]} Nf6 {[%emt 0:00:01]} 3. Nc3 {[%emt 0:00:00]} e6 {[%emt 0:00:02]} 4. Nf3 {[%emt 0:00:01]} Bb4 {[%emt 0:00:03]} 5. Bg5 {[%emt 0:00:04]} c5 {[%emt 0:00:05]} 6. dxc5 {[%emt 0:00:04]} Qa5 {[%emt 0:00:04]} 7. Bxf6 {[%emt 0:00:13]} gxf6 {[%emt 0:00:02]} 8. Qc2 {[%emt 0:00:09]} Nc6 {[%emt 0:00:11]} 9. e3 {[%emt 0:00:05]} Qxc5 {[%emt 0:00:11]} 10. a3 {[%emt 0:00:04]} Bxc3+ {[%emt 0:00:10]} 11. Qxc3 {[%emt 0:00:01]} Ne5 {[%emt 0:00:07]} 12. Nd4 {[%emt 0:00:09]} b6 {[%emt 0:00:26]} 13. b4 {[%emt 0:00:02]} Qe7 {[%emt 0:00:05]} 14. Rd1 {[%emt 0:00:04]} Bb7 {[%emt 0:00:02]} 15. Nb5 {[%emt 0:00:03]} O-O {[%emt 0:00:12]} 16. Be2 {[%emt 0:00:12]} a6 {[%emt 0:00:15]} 17. Nd6 {[%emt 0:00:06]} Bc6 {[%emt 0:00:19]} 18. Bh5 {[%emt 0:00:16]} Qg7 {[%emt 0:00:12]} 19. O-O {[%emt 0:00:18]} Qxg2# {[%emt 0:00:05] Mate Mate Mate Mate Mate} 0-1

[Event "Stay Safe Play From Home 357"]
[Site "Emanuel Lasker Arena"]
[Date "2020.08.04"]
[Round "7"]
[White "Leonardo Ruiz"]
[Black "Dukic"]
[Result "1-0"]
[WhiteElo "1908"]
[BlackElo "1956"]
[Annotator "TA"]
[PlyCount "61"]
[EventDate "2020.08.04"]
[EventType "swiss (blitz)"]

{[%evp 9,61,47,60,61,76,57,104,96,112,76,81,-17,58,45,44,0,35,-29,-18,-56,-47,-61,-25,-30,-22,-45,-30,-35,7,15,108,88,128,125,168,20,58,46,63,66,79,87,130,96,90,16,96,103,184,181,215,205,639,631]} 1. d4 c6 2. Nf3 d6 3. c4 Bg4 4. Nc3 Nd7 5. g3 e5 6. Bg2 {A41: 1 d4 d6: Tartakower System and Modern Defence.} Be7 7. d5 c5 {[#]} 8. O-O $146 {White is better.} ({Predecessor:} 8. h3 Bh5 9. e4 a6 10. g4 Bg6 11. h4 h6 12. h5 Bh7 13. Qe2 Bg5 14. Nxg5 hxg5 {½-½ (49) Simantsev,M (2346)-Warakomski,T (2497) Katowice 2019}) 8... h5 9. a3 h4 10. b4 (10. h3 $16 Bh5 11. g4 (11. Nxh4 Bxh4 12. gxh4 Qxh4 $14)) 10... b6 (10... hxg3 $11 11. hxg3 Qc8) 11. Ne1 hxg3 12. hxg3 Ngf6 13. Nd3 ({White should play} 13. Nc2 $14) 13... Qc8 $11 14. bxc5 Nxc5 15. Nxc5 bxc5 16. Qa4+ Bd7 17. Qc2 Bh3 18. Qa4+ Kf8 (18... Kd8 $5 {[%cal Rh3g2]} 19. Qc6 Bxg2 20. Qxc8+ Kxc8 21. Kxg2 Nd7 $11) 19. Qc6 Qxc6 (19... Bxg2 $11 {keeps the balance.} 20. Qxc8+ Rxc8 21. Kxg2 Nd7) 20. dxc6 $16 Bxg2 21. Kxg2 Rc8 22. Nb5 (22. Rb1 $18) 22... a6 23. Nc3 Rxc6 24. Rb1 {Rb8+ is the strong threat.} g6 25. Bg5 Kg7 26. Bxf6+ Bxf6 27. Nd5 (27. Rb7 $16) 27... Re8 (27... e4 $1 $11 {remains equal.}) 28. Rb7 {[%mdl 1024] White has strong compensation.} Bg5 (28... Rcc8 $16) 29. Rfb1 $18 Kg8 30. Ra7 {And now f4 would win.} Kf8 $2 {[#]} (30... Rcc8 31. Rbb7 (31. Rxa6 Ra8 $16) 31... Rf8) 31. Rbb7 {Accuracy: White = 61%, Black = 28%.} 1-0